Algèbre I: cours et 600 exercices corrigé, Ier année MPSI, PCSI, PTSI

Saved in:
Bibliografiske detaljer
Hovedforfatter: Monier, Jean-Marie (autor)
Format: Bog
Sprog:fransk
Udgivet: París Dunod 2000
Udgivelse:2a. ed
Serier:Cours
Fag:
Tags: Tilføj Tag
Ingen Tags, Vær først til at tagge denne postø!

MARC

LEADER 00000nam a2200000 a 4500
001 UCO6976
003 CL-VaPUC
008 001103e20000000FR |||||||||||||||||fre|d
082 0 4 |a 512  |b MON  |2 21 
100 |a Monier, Jean-Marie  |e autor  |9 451582 
245 1 0 |a Algèbre I: cours et 600 exercices corrigé, Ier année MPSI, PCSI, PTSI 
250 |a 2a. ed 
300 |a 555 p 
942 |c BK 
945 |d 20001103 00:00:00  |a vberengu 
260 |a París  |b Dunod  |c 2000 
650 0 |a Aritmética   |9 270049 
650 0 |a Espacios vectoriales   |9 21 
650 0 |a Estructuras algebraicas  |9 422373 
650 0 |a Matrices   |9 22 
650 0 |a Polinomios  |9 270626 
650 0 |a Teoría de conjuntos   |9 265668 
583 |a last modification  |c 20001103 00:00:00  |k Rodrigo Vera 
490 0 |a Cours 
999 |c 292211  |d 292209 
952 |0 0  |1 0  |4 0  |6 512_000000000000000_MON_2000  |7 0  |8 A  |9 342897  |a BIBMAT  |b BIBMAT  |d 2019-11-20  |i 3664724  |o 512 MON 2000  |p 3664724  |r 2025-01-07  |w 2019-11-20  |y BK  |k MAT